|
|
|
|
| LEADER |
00000nam0a2200000 4500 |
| 001 |
278432 |
| 005 |
20231101235119.0 |
| 020 |
|
|
|a RU
|b 86-35704
|
| 035 |
|
|
|a (RuTPU)RU\TPU\book\301709
|
| 090 |
|
|
|a 278432
|
| 100 |
|
|
|a 20141211d1986 km y0rusy5003 ca
|
| 101 |
0 |
|
|a rus
|
| 102 |
|
|
|a RU
|
| 105 |
|
|
|a y z 001zy
|
| 200 |
1 |
|
|a Этносоциальные проблемы города
|f Академия наук СССР (АН СССР), Институт этнографии им. Н. Н. Миклухо-Маклая (ИЭ) ; под ред. Ю. В. Бромлей
|
| 210 |
|
|
|a Москва
|c Наука
|d 1986
|
| 215 |
|
|
|a 284 с.
|
| 225 |
1 |
|
|a Национальные отношения в современную эпоху
|
| 320 |
|
|
|a Предм.-терминол. указ.: с. 280-281
|
| 606 |
1 |
|
|a Этносоциология
|2 stltpush
|3 (RuTPU)RU\TPU\subj\38021
|9 58746
|
| 606 |
1 |
|
|a Народонаселение
|y СССР
|2 stltpush
|3 (RuTPU)RU\TPU\subj\37671
|9 58533
|
| 606 |
1 |
|
|a Города
|x Социология
|2 stltpush
|3 (RuTPU)RU\TPU\subj\8283
|9 35738
|
| 610 |
1 |
|
|a городское население
|
| 610 |
1 |
|
|a национальный состав
|
| 610 |
1 |
|
|a демографическая ситуация
|
| 610 |
1 |
|
|a теория
|
| 610 |
1 |
|
|a методология
|
| 610 |
1 |
|
|a территориальные особенности
|
| 610 |
1 |
|
|a интеграционные процессы
|
| 610 |
1 |
|
|a Татарская АССР
|
| 610 |
1 |
|
|a татары
|
| 610 |
1 |
|
|a Ленинградская область
|
| 686 |
|
|
|a С55.6
|v LBC/SL-A
|2 rubbk
|
| 686 |
|
|
|a С73(2)
|v LBC/SL-A
|2 rubbk
|
| 686 |
|
|
|a С55.661
|v LBC/SL-A
|2 rubbk
|
| 702 |
|
1 |
|a Бромлей
|b Ю. В.
|4 340
|
| 712 |
0 |
2 |
|a Академия наук СССР (АН СССР)
|b Институт этнографии им. Н. Н. Миклухо-Маклая (ИЭ)
|c (Москва)
|c (1937-1991)
|2 stltpush
|3 (RuTPU)RU\TPU\col\14703
|
| 801 |
|
0 |
|a RU
|b RuMRKP
|c 19950704
|g psbo
|
| 801 |
|
1 |
|a RU
|b 63413507
|c 20141211
|
| 801 |
|
2 |
|a RU
|b 63413507
|c 20170411
|g RCR
|
| 942 |
|
|
|c BK
|